| 000 | 00477cam a2200181 4500 | ||
|---|---|---|---|
| 001 | BFIL000596 | ||
| 008 | 1962 spa | ||
| 035 | _aBFIL000596 | ||
| 050 | 4 |
_aD16 _b.7 B67 1962 |
|
| 100 | 1 | _aBouthoul, Gaston | |
| 245 | 0 |
_aIBN Jaldun : su filosofia social / _cGaston Bouthoul. |
|
| 260 |
_aCaracas, Venezuela : _bArte, _c1962 |
||
| 300 | _a113 p. | ||
| 440 | 0 | _aEstudios Sociales ; 2 | |
| 500 | _a1 ejem. | ||
| 505 | _aBFIL | ||
| 942 |
_2lcc _cLIB |
||
| 999 |
_c101845 _d101845 |
||